All European Countries (Dutch) - Statistieken

Algemene statistieken
  • Deze quiz is 1.438 keer genomen
    1.437 sinds de laatste reset
  • De gemiddelde score is 34 van 45
Antwoordstatistieken
Antwoord % Correct
Nederland
96%
België
95%
Duitsland
91%
Frankrijk
90%
Spanje
90%
Portugal
89%
Finland
87%
Zweden
87%
Noorwegen
84%
Italië
82%
Rusland
82%
Zwitserland
82%
Luxemburg
81%
Polen
81%
Verenigd Koninkrijk
80%
Griekenland
79%
Letland
79%
Oostenrijk
79%
Estland
78%
Ierland
78%
Andorra
77%
Denemarken
77%
Albanië
75%
Kroatië
75%
Litouwen
75%
Bulgarije
74%
Hongarije
72%
IJsland
72%
Wit-Rusland
72%
Oekraïne
71%
Slovenië
70%
Bosnië en Herzegovina
68%
Monaco
67%
Roemenië
67%
Servië
66%
Slowakije
66%
Liechtenstein
65%
Malta
65%
San Marino
64%
Tsjechië
62%
Vaticaanstad
62%
Kosovo
59%
Montenegro
59%
Macedonië
57%
Moldavië
55%
Geen overeenkomende quizzen gevonden
Scoreverdeling
Procent van Mensen met Elke Score
Percentiel versus Aantal Correcte Antwoorden
Uw Scoregeschiedenis
U heeft deze quiz nog niet genomen sinds de laatste reset